| 000 | 00617nam a2200205Ia 4500 | ||
|---|---|---|---|
| 005 | 20250508162913.0 | ||
| 008 | 008 250505s9999 xx 000 0 eng d | ||
| 037 | _aTextual | ||
| 040 |
_aFEDL _beng _cFEDL |
||
| 041 |
_aeng _2eng |
||
| 084 |
_a181.4, DUB _qFEDL |
||
| 100 | _aDubey S.P. Ed. | ||
| 245 | 0 | _aMetaphysics of the spirit, Vol 1 | |
| 260 |
_aNew Delhi, India _bIndian Council of Philosophical Research _c1994 |
||
| 300 | _axxii,349p | ||
| 490 | _aFacets of recent Indian philosophy | ||
| 650 |
_aOriental philosophy _9755543 |
||
| 942 |
_cTEXL _h181.4, DUB |
||
| 999 |
_c1379345 _d1379345 |
||